[Event "vl-2324 MVP"]
[Site "MVP"]
[Date "2023.11.19"]
[Round "3.3"]
[White "Dittrich, Carsten"]
[Black "Wagner, Ralph"]
[Result "1/2-1/2"]
[WhiteElo "1877"]
[BlackElo "2134"]
[PlyCount "25"]
[EventDate "2023.??.??"]
[EventType "team-tourn"]
[EventRounds "9"]
[EventCountry "GER"]
[WhiteTeam "SSC Graal-Mueritz"]
[BlackTeam "SF Schwerin II"]
[WhiteTeamCountry "GER"]
[BlackTeamCountry "GER"]

1. e4 e6 2. d4 d5 3. Nd2 Nf6 4. e5 Nfd7 5. Bd3 c5 6. c3 Nc6 7. Ne2 cxd4 8. cxd4 f6 9. exf6 Qxf6 10. Nf3 Bd6 11. Bg5 Qf7 12. Bh4 h6 13. Qb1 1/2-1/2

[Event "vl-2324 MVP"]
[Site "MVP"]
[Date "2023.11.19"]
[Round "3.4"]
[White "Wandel, Bernd"]
[Black "Jansen, Andreas"]
[Result "1-0"]
[WhiteElo "2054"]
[BlackElo "2098"]
[PlyCount "175"]
[EventDate "2023.??.??"]
[EventType "team-tourn"]
[EventRounds "9"]
[EventCountry "GER"]
[WhiteTeam "SF Schwerin II"]
[BlackTeam "SSC Graal-Mueritz"]
[WhiteTeamCountry "GER"]
[BlackTeamCountry "GER"]

1. d4 c5 2. d5 g6 3. c4 Bg7 4. e4 d6 5. h3 f5 6. exf5 Bxf5 7. Nd2 Nf6 8. Qb3 b6 9. Ngf3 O-O 10. Bd3 Bc8 11. O-O a5 12. Ng5 Na6 13. a3 Rb8 14. Re1 Nc7 15. Ndf3 h6 16. Ne6 Nxe6 17. dxe6 g5 18. Bd2 Bb7 19. Bg6 Bxf3 20. Qxf3 d5 21. Rad1 d4 22. h4 g4 23. Qf5 Kh8 24. Bf7 g3 25. fxg3 b5 26. Qxc5 bxc4 27. Bxa5 Qd5 28. Re5 Qxc5 29. Rxc5 Rxb2 30. Rxd4 Nh5 31. Rdxc4 Nxg3 32. Kh2 Nf1+ 33. Kg1 Ng3 34. Rc8 Bd4+ 35. Kh2 Nf1+ 36. Kh3 Rxc8 37. Rxc8+ Kh7 38. Rg8 Rb3+ 39. g3 Rxa3 40. Bb4 Ra7 41. Rg4 Bg7 42. Bg6+ Kh8 43. Rc4 Bf6 44. Rf4 Kg7 45. h5 Rb7 46. Bc5 Nd2 47. Be3 Nb3 48. Be4 Rb5 49. Rg4+ Bg5 50. Bc2 Kf6 51. Bxg5+ hxg5 52. h6 Rb8 53. Rc4 Nd2 54. Rc5 Rg8 55. Kg4 Kxe6 56. h7 Rb8 57. Kxg5 Kf7 58. Kh6 Rb6+ 59. Kh5 Rb8 60. Rf5+ Kg7 61. Rg5+ Kh8 62. Re5 Nf3 63. Rxe7 Nd4 64. Bd3 Rf8 65. g4 Nf5 66. Ra7 Ng7+ 67. Kg6 Ne6 68. Bf5 Nf4+ 69. Kh6 Rf6+ 70. Kg5 Rf8 71. Ra5 Nh3+ 72. Kh4 Nf4 73. g5 Ng2+ 74. Kg3 Ne3 75. Bd3 Rd8 76. g6 Nd5 77. Ra7 Ne7 78. g7+ Kxg7 79. Rxe7+ Kh8 80. Re3 Kg7 81. Kf4 Rf8+ 82. Kg5 Rd8 83. Bf5 Rb8 84. Re7+ Kh8 85. Rf7 Rd8 86. Rf6 Kg7 87. Rg6+ Kh8 88. Kh6 1-0

[Event "vl-2324 MVP"]
[Site "MVP"]
[Date "2023.11.19"]
[Round "3.5"]
[White "Krueger, Alexander"]
[Black "Kutschke, Peter"]
[Result "1-0"]
[WhiteElo "2072"]
[BlackElo "1993"]
[PlyCount "89"]
[EventDate "2023.??.??"]
[EventType "team-tourn"]
[EventRounds "9"]
[EventCountry "GER"]
[WhiteTeam "SSC Graal-Mueritz"]
[BlackTeam "SF Schwerin II"]
[WhiteTeamCountry "GER"]
[BlackTeamCountry "GER"]

1. d4 d5 2. Bf4 Bf5 3. e3 c6 4. c4 Bxb1 5. Qxb1 e5 6. Bxe5 Qa5+ 7. Kd1 Nd7 8. Bg3 Ngf6 9. Bd3 dxc4 10. Bxc4 b5 11. Bd3 c5 12. Nf3 Rc8 13. Ke2 Be7 14. dxc5 Bxc5 15. Rc1 b4 16. Bc4 O-O 17. Qf5 Qb6 18. Ne5 Nxe5 19. Bxe5 Rfe8 20. Bxf6 gxf6 21. Kf1 Rc6 22. Qh5 Qc7 23. Bxf7+ Qxf7 24. Rxc5 Qxh5 25. Rxh5 Rc2 26. b3 Rd8 27. Rf5 Kg7 28. g4 Rdd2 29. a3 Kg6 30. axb4 h5 31. h3 hxg4 32. hxg4 Rb2 33. Ra6 Rxb3 34. Raxf6+ Kg7 35. Rf7+ Kg6 36. Rxa7 Rxb4 37. Ra6+ Kg7 38. Rg5+ Kh7 39. Kg2 Rb3 40. Kg3 Rb1 41. Rf5 Rg1+ 42. Kh4 Rf1 43. f3 Rh2+ 44. Kg5 Rhf2 45. Ra7+ 1-0

[Event "vl-2324 MVP"]
[Site "MVP"]
[Date "2023.11.19"]
[Round "3.7"]
[White "Jeske, Holger"]
[Black "Fischer, Torsten"]
[Result "1/2-1/2"]
[WhiteElo "1867"]
[BlackElo "2026"]
[PlyCount "67"]
[EventDate "2023.??.??"]
[EventType "team-tourn"]
[EventRounds "9"]
[EventCountry "GER"]
[WhiteTeam "SSC Graal-Mueritz"]
[BlackTeam "SF Schwerin II"]
[WhiteTeamCountry "GER"]
[BlackTeamCountry "GER"]

1. Nh3 d5 2. g3 Nf6 3. f3 e5 4. Nf2 Bc5 5. e3 Nc6 6. Bg2 O-O 7. O-O Be6 8. Re1 Qd7 9. c3 d4 10. d3 Rad8 11. cxd4 exd4 12. e4 Ne8 13. f4 f6 14. a3 a5 15. Nd2 Nd6 16. Nf1 Qf7 17. Bd2 Bb3 18. Qf3 Bb6 19. Re2 Ne7 20. h4 c5 21. h5 c4 22. Rae1 Nc6 23. Kh1 cxd3 24. Nxd3 Bc4 25. g4 Ba7 26. Qh3 Rfe8 27. Rf2 Qd7 28. Nh2 Nf7 29. Rc1 Ba6 30. Nc5 Bxc5 31. Rxc5 b6 32. Rc1 Bb7 33. Qd3 Qe6 34. Qc4 1/2-1/2

[Event "vl-2324 MVP"]
[Site "MVP"]
[Date "2023.11.19"]
[Round "3.8"]
[White "Kupfernagel, Michael"]
[Black "Schulz, Wolf-Detlef"]
[Result "1-0"]
[WhiteElo "2030"]
[BlackElo "1828"]
[PlyCount "85"]
[EventDate "2023.??.??"]
[EventType "team-tourn"]
[EventRounds "9"]
[EventCountry "GER"]
[WhiteTeam "SF Schwerin II"]
[BlackTeam "SSC Graal-Mueritz"]
[WhiteTeamCountry "GER"]
[BlackTeamCountry "GER"]

1. d4 Nf6 2. Nc3 d5 3. Bg5 Bf5 4. f3 h6 5. Bh4 Nbd7 6. e3 c6 7. Bd3 Bxd3 8. cxd3 e5 9. Nge2 Bb4 10. O-O O-O 11. a3 Ba5 12. Rc1 Re8 13. Bf2 Bc7 14. Qc2 Rc8 15. dxe5 Nxe5 16. e4 Qd6 17. Bg3 Nh5 18. Bxe5 Qxe5 19. f4 Qe7 20. e5 Qh4 21. d4 Re6 22. Qf5 g6 23. Qd3 Ng7 24. Ng3 f5 25. b4 Rf8 26. Nxd5 Bb8 27. Nf6+ Kh8 28. Nd7 Rd8 29. Nxb8 Rxb8 30. d5 Rd8 31. d6 a6 32. a4 Rd7 33. b5 axb5 34. axb5 cxb5 35. Qxb5 Qd8 36. Rc2 Kh7 37. Rfc1 Rf7 38. Rc8 Qh4 39. d7 Rxd7 40. Qxd7 Qxf4 41. Qf7 h5 42. Qg8+ Kh6 43. Qh8+ 1-0

[Event "vl-2324 MVP"]
[Site "MVP"]
[Date "2023.11.19"]
[Round "3.4"]
[White "Herrmann, Jakob"]
[Black "Pawlicz, Filip"]
[Result "1-0"]
[WhiteElo "1980"]
[BlackElo "1553"]
[PlyCount "85"]
[EventDate "2023.??.??"]
[EventType "team-tourn"]
[EventRounds "9"]
[EventCountry "GER"]
[WhiteTeam "SAV Torgelow"]
[BlackTeam "SAV Torgelow II"]
[WhiteTeamCountry "GER"]
[BlackTeamCountry "GER"]

1. Nf3 c5 2. g3 g6 3. Bg2 Bg7 4. O-O Nc6 5. c3 e5 6. e4 Nge7 7. Nh4 O-O 8. f4 exf4 9. gxf4 d5 10. d3 f5 11. e5 d4 12. c4 Be6 13. Nf3 Rb8 14. a4 a6 15. Na3 Qd7 16. Bd2 Nc8 17. Qe1 Rd8 18. Ng5 Kh8 19. Rf3 Bh6 20. Nxe6 Qxe6 21. Rh3 Bf8 22. Qh4 Qe7 23. Qg3 Qg7 24. Kh1 h6 25. Rg1 Kh7 26. Nc2 N8a7 27. Ne1 b5 28. axb5 axb5 29. Nf3 Be7 30. b3 bxc4 31. bxc4 Rb3 32. Nh4 Bxh4 33. Qxh4 Rdb8 34. Bd5 Nd8 35. Rhg3 Rb1 36. Be1 Rd1 37. Rxg6 Qxg6 38. Rxg6 Kxg6 39. Qf6+ Kh7 40. Qxf5+ Kg7 41. Qf6+ Kh7 42. Qe7+ Kh8 43. Qf8+ 1-0

[Event "vl-2324 MVP"]
[Site "MVP"]
[Date "2023.11.19"]
[Round "3.6"]
[White "Ehlers, Michael"]
[Black "Schmekel, Matthias"]
[Result "1-0"]
[WhiteElo "1944"]
[BlackElo "1938"]
[PlyCount "100"]
[EventDate "2023.??.??"]
[EventType "team-tourn"]
[EventRounds "9"]
[EventCountry "GER"]
[WhiteTeam "SAV Torgelow"]
[BlackTeam "SAV Torgelow II"]
[WhiteTeamCountry "GER"]
[BlackTeamCountry "GER"]

1. Nf3 d6 2. d4 f5 3. d5 e5 4. dxe6 Bxe6 5. Nd4 Qd7 6. e3 Nf6 7. Bb5 c6 8. Bd3 Be7 9. O-O c5 10. Nxe6 Qxe6 11. Nd2 Nc6 12. Re1 O-O 13. e4 fxe4 14. Nxe4 Qd7 15. Nxf6+ Bxf6 16. Qh5 g6 17. Qd5+ Kg7 18. c3 Ne5 19. Bf1 Rad8 20. h3 Bh4 21. Be3 Rf5 22. Qd2 Qf7 23. Rad1 Nc4 24. Bxc4 Qxc4 25. g3 Bf6 26. g4 Re5 27. b3 Qf7 28. c4 b6 29. f4 Rxe3 30. Qxe3 Bd4 31. Rxd4 cxd4 32. Qxd4+ Kg8 33. Qd5 Qxd5 34. cxd5 Kf7 35. Re6 a5 36. Kf2 b5 37. Ke3 Re8 38. Rxe8 Kxe8 39. Kd4 Ke7 40. a4 bxa4 41. bxa4 Kf6 42. Kc4 g5 43. f5 Ke5 44. Kb5 Kxd5 45. Kxa5 Ke5 46. Kb4 d5 47. Kc3 Ke4 48. Kd2 Kf3 49. f6 Kg3 50. f7 Kxh3 1-0

[Event "vl-2324 MVP"]
[Site "MVP"]
[Date "2023.11.19"]
[Round "3.8"]
[White "Bollnow, Alex"]
[Black "Subocz, Gabriel"]
[Result "0-1"]
[WhiteElo "1657"]
[BlackElo "1322"]
[PlyCount "48"]
[EventDate "2023.??.??"]
[EventType "team-tourn"]
[EventRounds "9"]
[EventCountry "GER"]
[WhiteTeam "SAV Torgelow"]
[BlackTeam "SAV Torgelow II"]
[WhiteTeamCountry "GER"]
[BlackTeamCountry "GER"]

1. e4 c5 2. Nf3 d6 3. d4 cxd4 4. Nxd4 Nf6 5. Nc3 g6 6. Bc4 Bg7 7. Be3 Nc6 8. f3 Bd7 9. Qd2 Rc8 10. Bb3 O-O 11. h4 h5 12. O-O-O Na5 13. Rdg1 Nc4 14. Bxc4 Rxc4 15. Nd5 Nxd5 16. exd5 Qb6 17. Nb3 Qa6 18. Kb1 Bf5 19. Rc1 Rfc8 20. Nd4 Qb6 21. Nb3 Rxc2 22. Rxc2 Rxc2 23. Bxb6 Rxb2+ 24. Ka1 Rb1# 0-1

[Event "vl-2324 MVP"]
[Site "MVP"]
[Date "2023.11.19"]
[Round "3.1"]
[White "Illgen, Alexander"]
[Black "Stoevesand, Eric"]
[Result "1/2-1/2"]
[WhiteElo "2009"]
[BlackElo "1910"]
[PlyCount "28"]
[EventDate "2023.??.??"]
[EventType "team-tourn"]
[EventRounds "9"]
[EventCountry "GER"]
[WhiteTeam "VT Ludwigslust"]
[BlackTeam "SG Neubrandenburg"]
[WhiteTeamCountry "GER"]
[BlackTeamCountry "GER"]

1. d4 d5 2. c4 c6 3. Nc3 Nf6 4. Bg5 dxc4 5. a4 Qa5 6. Bxf6 exf6 7. e3 Be6 8. Nf3 Nd7 9. Be2 Bb4 10. O-O Bxc3 11. bxc3 O-O 12. Qc2 Nb6 13. Rfb1 Rfe8 14. Nd2 Rac8 1/2-1/2

[Event "vl-2324 MVP"]
[Site "MVP"]
[Date "2023.11.19"]
[Round "3.2"]
[White "Stoevesand, Peter"]
[Black "Montag, Ralf"]
[Result "1-0"]
[WhiteElo "1754"]
[BlackElo "2050"]
[PlyCount "97"]
[EventDate "2023.??.??"]
[EventType "team-tourn"]
[EventRounds "9"]
[EventCountry "GER"]
[WhiteTeam "SG Neubrandenburg"]
[BlackTeam "VT Ludwigslust"]
[WhiteTeamCountry "GER"]
[BlackTeamCountry "GER"]

1. e4 c5 2. Nf3 Nc6 3. d4 cxd4 4. Nxd4 g6 5. c4 Bg7 6. Be3 Nf6 7. Nc3 Ng4 8. Qxg4 Nxd4 9. Qd1 e5 10. Bd3 O-O 11. O-O d6 12. Rc1 Be6 13. b3 f5 14. Bxd4 exd4 15. Ne2 fxe4 16. Bxe4 d5 17. cxd5 Bxd5 18. Bxd5+ Qxd5 19. Qd3 Rac8 20. Rfd1 Rfd8 21. g3 g5 22. Rd2 Rc6 23. Rdc2 Rdc8 24. Rxc6 Rxc6 25. Rxc6 Qxc6 26. f3 h5 27. Kf2 Qc5 28. Ke1 Qa5+ 29. Qd2 Qe5 30. Kd1 g4 31. fxg4 hxg4 32. Qd3 b5 33. Nf4 a5 34. Qe2 Qxe2+ 35. Kxe2 Kf7 36. Kd3 Ke7 37. Ke4 Kd6 38. Nd3 a4 39. bxa4 bxa4 40. Nb2 a3 41. Nc4+ Kc5 42. Nxa3 Kb4 43. Nc2+ Kc3 44. Ne1 Kd2 45. Nd3 Kc3 46. Nf2 Bh6 47. a4 Be3 48. Nd3 Kc4 49. Ne5+ 1-0

[Event "vl-2324 MVP"]
[Site "MVP"]
[Date "2023.11.19"]
[Round "3.3"]
[White "Hasselmann, Dieter"]
[Black "Kunow, Frank"]
[Result "1-0"]
[WhiteElo "2116"]
[BlackElo "1927"]
[PlyCount "123"]
[EventDate "2023.??.??"]
[EventType "team-tourn"]
[EventRounds "9"]
[EventCountry "GER"]
[WhiteTeam "VT Ludwigslust"]
[BlackTeam "SG Neubrandenburg"]
[WhiteTeamCountry "GER"]
[BlackTeamCountry "GER"]

1. e4 d5 2. exd5 Nf6 3. Nc3 Nxd5 4. Bc4 Nb6 5. Bb3 Bf5 6. Qf3 e6 7. Qxb7 N8d7 8. d3 Bb4 9. Nge2 O-O 10. O-O a5 11. a3 Nc5 12. Qc6 Nxb3 13. cxb3 Bd6 14. Ne4 Be5 15. Qc2 Qd5 16. Bf4 Bxf4 17. Nxf4 Qe5 18. Ne2 Qd5 19. Rfd1 Rac8 20. Rac1 Rfd8 21. N2g3 Bg6 22. Ne2 e5 23. f3 f5 24. Nf2 Bf7 25. b4 axb4 26. axb4 Qb3 27. Qc3 Qe6 28. Re1 Nd5 29. Qc5 Qb6 30. Ng3 Nxb4 31. Nxf5 Qxc5 32. Rxc5 Kf8 33. Rcxe5 Nxd3 34. Nxd3 Rxd3 35. R1e2 Rd1+ 36. Kf2 Rcd8 37. Rc5 R8d7 38. Ne3 R1d2 39. Nc4 Bxc4 40. Rxc4 Rxe2+ 41. Kxe2 Kf7 42. g4 Ke6 43. Ke3 Rf7 44. f4 Kd6 45. h4 c6 46. f5 Kd5 47. Rc2 Rb7 48. Kf4 c5 49. Kg5 Rb6 50. Re2 Kc4 51. Re7 g6 52. Re6 Rxb2 53. fxg6 hxg6 54. Kxg6 Kd5 55. Re1 Rb6+ 56. Kf5 c4 57. Rd1+ Kc5 58. g5 c3 59. g6 Rd6 60. Rxd6 Kxd6 61. g7 c2 62. g8=Q 1-0

[Event "vl-2324 MVP"]
[Site "MVP"]
[Date "2023.11.19"]
[Round "3.4"]
[White "Hoerhold, Martin"]
[Black "Krueger, Horst"]
[Result "0-1"]
[WhiteElo "1852"]
[BlackElo "1996"]
[PlyCount "74"]
[EventDate "2023.??.??"]
[EventType "team-tourn"]
[EventRounds "9"]
[EventCountry "GER"]
[WhiteTeam "SG Neubrandenburg"]
[BlackTeam "VT Ludwigslust"]
[WhiteTeamCountry "GER"]
[BlackTeamCountry "GER"]

1. d4 d5 2. c4 c6 3. Nf3 Nf6 4. Nc3 Bf5 5. a4 e6 6. e3 Nbd7 7. Be2 Bd6 8. Nh4 Bg6 9. Nxg6 hxg6 10. h3 dxc4 11. Bxc4 Nb6 12. Bb3 Nbd5 13. Bd2 Nxc3 14. Bxc3 Ne4 15. Qf3 Nxc3 16. bxc3 Qf6 17. Qxf6 gxf6 18. Ke2 f5 19. c4 b6 20. Rhd1 Ke7 21. Rab1 Rab8 22. Bc2 g5 23. d5 cxd5 24. cxd5 Rbc8 25. Bd3 Rc5 26. dxe6 fxe6 27. Rdc1 Rh4 28. Rxc5 Bxc5 29. Bb5 a6 30. Bxa6 Rxa4 31. Bb5 Ra2+ 32. Kf3 e5 33. g4 e4+ 34. Kg3 f4+ 35. exf4 Bxf2+ 36. Kg2 gxf4 37. Bc4 Rd2 0-1

[Event "vl-2324 MVP"]
[Site "MVP"]
[Date "2023.11.19"]
[Round "3.5"]
[White "Hilpert, Andreas"]
[Black "Rossmann, Andreas"]
[Result "0-1"]
[WhiteElo "1879"]
[BlackElo "2073"]
[PlyCount "144"]
[EventDate "2023.??.??"]
[EventType "team-tourn"]
[EventRounds "9"]
[EventCountry "GER"]
[WhiteTeam "VT Ludwigslust"]
[BlackTeam "SG Neubrandenburg"]
[WhiteTeamCountry "GER"]
[BlackTeamCountry "GER"]

1. d4 Nf6 2. Nf3 e6 3. e3 d5 4. Bd3 c5 5. c3 Nc6 6. O-O Qc7 7. Nbd2 Bd6 8. dxc5 Bxc5 9. e4 O-O 10. exd5 exd5 11. Nb3 Bd6 12. Qc2 Re8 13. h3 Ne5 14. Nxe5 Bxe5 15. Nd4 Bd7 16. Nf3 Bf4 17. Bxf4 Qxf4 18. Qd2 Qxd2 19. Nxd2 Bc6 20. Rfe1 Ne4 21. Nb3 a5 22. f3 a4 23. Nd4 Nc5 24. Bc2 g6 25. Kf2 Kf8 26. Rxe8+ Kxe8 27. Re1+ Kd7 28. g4 Ra6 29. b3 axb3 30. axb3 Ne6 31. Ke3 Ra2 32. Re2 Ra1 33. Rh2 Re1+ 34. Kd2 Rf1 35. Nxe6 Kxe6 36. Ke3 d4+ 37. Kxd4 Rxf3 38. c4 b6 39. b4 Kd6 40. c5+ bxc5+ 41. bxc5+ Kd7 42. Bd3 Rf4+ 43. Ke5 Rf3 44. Bc4 f6+ 45. Kd4 Rf4+ 46. Kc3 f5 47. gxf5 Rxf5 48. Kb4 Rh5 49. Re2 Rh4 50. Re3 Bd5 51. Rc3 Kc6 52. Kb3 Kxc5 53. Bxd5+ Kxd5 54. Rf3 Ke4 55. Rc3 Rf4 56. Kc2 Rf3 57. Rc4+ Ke3 58. Ra4 Kf2 59. Rh4 h5 60. Kd2 Kg3 61. Rc4 Kxh3 62. Ke2 Rf5 63. Rc1 Kg2 64. Rc6 Re5+ 65. Kd3 g5 66. Kd4 Re8 67. Rg6 g4 68. Rh6 g3 69. Rxh5 Kg1 70. Rg5 g2 71. Rg7 Rf8 72. Ke3 Kf1 0-1

[Event "vl-2324 MVP"]
[Site "MVP"]
[Date "2023.11.19"]
[Round "3.6"]
[White "Baier, Karsten"]
[Black "Wiemer, Juergen"]
[Result "1-0"]
[WhiteElo "1984"]
[BlackElo "1978"]
[PlyCount "87"]
[EventDate "2023.??.??"]
[EventType "team-tourn"]
[EventRounds "9"]
[EventCountry "GER"]
[WhiteTeam "SG Neubrandenburg"]
[BlackTeam "VT Ludwigslust"]
[WhiteTeamCountry "GER"]
[BlackTeamCountry "GER"]

1. d4 Nf6 2. c4 e6 3. Nf3 d5 4. cxd5 exd5 5. Bg5 Be7 6. Nc3 Be6 7. e3 Nbd7 8. a3 c6 9. Bd3 O-O 10. O-O h6 11. Bh4 Rc8 12. Rc1 Ne8 13. Bxe7 Qxe7 14. e4 dxe4 15. Bxe4 Ndf6 16. Bb1 Nc7 17. Re1 Qd6 18. Qc2 Rfd8 19. Ne4 Nxe4 20. Qxe4 g6 21. Qh4 Kg7 22. Rcd1 Re8 23. Ne5 Qe7 24. Qg3 Qg5 25. Re3 Rcd8 26. h4 Qxg3 27. Rxg3 Bf5 28. Nxc6 bxc6 29. Bxf5 Re2 30. b3 Rd6 31. Bd3 Ra2 32. Bc4 Rf6 33. f3 Rxa3 34. Rg4 Nd5 35. Re1 Ra2 36. Re2 Ra1+ 37. Kf2 Nc3 38. Rc2 Nd5 39. Re4 Nf4 40. Kg3 Nh5+ 41. Kh3 g5 42. Re5 Rf4 43. g4 Nf6 44. hxg5 1-0

[Event "vl-2324 MVP"]
[Site "MVP"]
[Date "2023.11.19"]
[Round "3.7"]
[White "Zacharias, Uwe"]
[Black "Pruesse, Horst"]
[Result "0-1"]
[WhiteElo "1884"]
[BlackElo "2070"]
[PlyCount "62"]
[EventDate "2023.??.??"]
[EventType "team-tourn"]
[EventRounds "9"]
[EventCountry "GER"]
[WhiteTeam "VT Ludwigslust"]
[BlackTeam "SG Neubrandenburg"]
[WhiteTeamCountry "GER"]
[BlackTeamCountry "GER"]

1. d4 Nf6 2. c4 e6 3. Nf3 c5 4. e3 cxd4 5. exd4 d5 6. Nc3 Nc6 7. cxd5 Nxd5 8. Nxd5 Qxd5 9. Be2 Bb4+ 10. Bd2 Qa5 11. a3 Bxd2+ 12. Qxd2 Qxd2+ 13. Kxd2 O-O 14. Rad1 a6 15. Kc1 Rd8 16. Bc4 Ne7 17. Rhe1 b5 18. Ba2 Bb7 19. Re5 Nd5 20. Bxd5 Bxd5 21. Rd3 a5 22. Ree3 b4 23. Ne1 Rdc8+ 24. Kd1 Rc4 25. Re2 Rac8 26. Rc2 Rxc2 27. Nxc2 Be4 28. Rd2 bxa3 29. Nxa3 Bxg2 30. Ke2 Bd5 31. Nb5 Bc4+ 0-1

[Event "vl-2324 MVP"]
[Site "MVP"]
[Date "2023.11.19"]
[Round "3.8"]
[White "Winkler, Karl"]
[Black "Altenburg, Reiner"]
[Result "1/2-1/2"]
[WhiteElo "1884"]
[BlackElo "1940"]
[PlyCount "28"]
[EventDate "2023.??.??"]
[EventType "team-tourn"]
[EventRounds "9"]
[EventCountry "GER"]
[WhiteTeam "SG Neubrandenburg"]
[BlackTeam "VT Ludwigslust"]
[WhiteTeamCountry "GER"]
[BlackTeamCountry "GER"]

1. e4 c5 2. d4 cxd4 3. Qxd4 Nc6 4. Qe3 d6 5. Nf3 Nf6 6. a3 g6 7. Bc4 Bg7 8. O-O O-O 9. Nc3 Bg4 10. Ba2 a6 11. h3 Bxf3 12. Qxf3 Rc8 13. Re1 Ne5 14. Qe2 Qc7 1/2-1/2

[Event "vl-2324 MVP"]
[Site "MVP"]
[Date "2023.11.19"]
[Round "3.1"]
[White "Stubbe, Wilko"]
[Black "Kallweit, Paul"]
[Result "1/2-1/2"]
[WhiteElo "2181"]
[BlackElo "1891"]
[PlyCount "71"]
[EventDate "2023.??.??"]
[EventType "team-tourn"]
[EventRounds "9"]
[EventCountry "GER"]
[WhiteTeam "Greifswalder SV"]
[BlackTeam "SSC Rostock"]
[WhiteTeamCountry "GER"]
[BlackTeamCountry "GER"]

1. Nf3 d5 2. c4 d4 3. d3 c5 4. g3 Nc6 5. Bg2 e5 6. O-O Nf6 7. b4 cxb4 8. a3 bxa3 9. Bxa3 Bxa3 10. Rxa3 O-O 11. Nbd2 Qe7 12. Qa1 e4 13. dxe4 Nxe4 14. Nb3 Nc3 15. Nbxd4 Nxd4 16. Nxd4 Nxe2+ 17. Nxe2 Qxe2 18. Bd5 Be6 19. Rxa7 Rxa7 20. Qxa7 b5 21. Bxe6 fxe6 22. cxb5 Qxb5 23. Re1 Qf5 24. Qe3 Rf6 25. Kg2 Qd5+ 26. f3 g5 27. g4 h5 28. h3 h4 29. Re2 Kf7 30. Rd2 Qc6 31. Qd3 Kg7 32. Rc2 Rxf3 33. Qd4+ e5 34. Qxe5+ Qf6 35. Rc7+ Kh6 36. Qxf6+ 1/2-1/2

[Event "vl-2324 MVP"]
[Site "MVP"]
[Date "2023.11.19"]
[Round "3.2"]
[White "Schmidt, Peter"]
[Black "Patzenhauer, Max"]
[Result "1/2-1/2"]
[WhiteElo "2075"]
[BlackElo "1949"]
[PlyCount "69"]
[EventDate "2023.??.??"]
[EventType "team-tourn"]
[EventRounds "9"]
[EventCountry "GER"]
[WhiteTeam "SSC Rostock"]
[BlackTeam "Greifswalder SV"]
[WhiteTeamCountry "GER"]
[BlackTeamCountry "GER"]

1. Nf3 g6 2. e4 Bg7 3. d3 d6 4. Nbd2 Nf6 5. Be2 c5 6. a4 Nc6 7. c3 O-O 8. Qc2 Bd7 9. Nc4 Rc8 10. O-O Qc7 11. Re1 e6 12. Bf4 e5 13. Bd2 Ne8 14. Ne3 Ne7 15. Bd1 h6 16. Qc1 Kh7 17. Bb3 f5 18. Bd5 Nf6 19. c4 f4 20. Nf1 a5 21. Qc3 b6 22. h3 Qd8 23. N1h2 Qe8 24. Bb7 Rb8 25. Ba6 Qf7 26. Bb5 Be6 27. Kf1 g5 28. Ke2 Qg6 29. Rh1 Rh8 30. Qc2 Kg8 31. Rag1 Kf7 32. Kd1 h5 33. Ne1 Ne8 34. Bxe8+ Kxe8 35. Nf1 1/2-1/2

[Event "vl-2324 MVP"]
[Site "MVP"]
[Date "2023.11.19"]
[Round "3.3"]
[White "Mildner, Jens"]
[Black "Hodl, Ingolf"]
[Result "1-0"]
[WhiteElo "2107"]
[BlackElo "1911"]
[PlyCount "115"]
[EventDate "2023.??.??"]
[EventType "team-tourn"]
[EventRounds "9"]
[EventCountry "GER"]
[WhiteTeam "Greifswalder SV"]
[BlackTeam "SSC Rostock"]
[WhiteTeamCountry "GER"]
[BlackTeamCountry "GER"]

1. d4 Nf6 2. c4 g6 3. Nc3 Bg7 4. e4 d6 5. Be2 O-O 6. Nf3 Nbd7 7. O-O e5 8. d5 Nc5 9. Qc2 a5 10. Ne1 Qe7 11. f3 Nh5 12. Nd3 b6 13. Nxc5 bxc5 14. g3 Bd7 15. Bd2 a4 16. Rab1 Rfb8 17. Nb5 Bxb5 18. cxb5 Rb7 19. b4 axb3 20. Rxb3 Rba7 21. Ra1 f5 22. Rc3 f4 23. g4 Nf6 24. a4 Nd7 25. Rca3 h5 26. a5 Kf7 27. Be1 Rh8 28. Bf1 hxg4 29. fxg4 Qg5 30. h3 Qd8 31. Rb1 Bf6 32. Rab3 Bh4 33. b6 cxb6 34. axb6 Rb7 35. Ba5 Bg3 36. Ba6 Rxh3 37. Bf1 Rh2 38. Bg2 Qh4 39. Qe2 Nf6 40. Be1 Bxe1 41. Qxe1 Qh6 42. Qe2 Qh4 43. Qa6 Re7 44. b7 Nxg4 45. Qe2 Rxb7 46. Rxb7+ Kf6 47. R7b2 Ne3 48. Qa6 Nxg2 49. Qxd6+ Kg5 50. Qe7+ Kg4 51. Qxh4+ Rxh4 52. Rxg2+ Kf3 53. d6 Rh7 54. Rd1 Rd7 55. Rxg6 Kxe4 56. Re6 Kf5 57. Re7 Rd8 58. d7 1-0

[Event "vl-2324 MVP"]
[Site "MVP"]
[Date "2023.11.19"]
[Round "3.4"]
[White "Nour, Alaa"]
[Black "Johlke, Lorenz"]
[Result "1-0"]
[WhiteElo "1774"]
[BlackElo "1644"]
[PlyCount "49"]
[EventDate "2023.??.??"]
[EventType "team-tourn"]
[EventRounds "9"]
[EventCountry "GER"]
[WhiteTeam "SSC Rostock"]
[BlackTeam "Greifswalder SV"]
[WhiteTeamCountry "GER"]
[BlackTeamCountry "GER"]

1. e4 e6 2. d4 d5 3. exd5 exd5 4. Bd3 Bd6 5. Nf3 Bg4 6. O-O Ne7 7. Re1 O-O 8. Bxh7+ Kh8 9. Bd3 Nd7 10. Bg5 f6 11. Bh4 Nf5 12. h3 Bxf3 13. Qxf3 Nh6 14. Qxd5 Nc5 15. Qf3 Nxd3 16. Qxd3 c5 17. d5 b5 18. Nc3 c4 19. Qg6 b4 20. Ne4 Be5 21. Rad1 Bxb2 22. Nc5 Qd6 23. Ne6 Rf7 24. Bg3 Be5 25. Nxg7 1-0

[Event "vl-2324 MVP"]
[Site "MVP"]
[Date "2023.11.19"]
[Round "3.5"]
[White "Schwahn, Christian"]
[Black "Onasch, Gunnar"]
[Result "1-0"]
[WhiteElo "1922"]
[BlackElo "1897"]
[PlyCount "79"]
[EventDate "2023.??.??"]
[EventType "team-tourn"]
[EventRounds "9"]
[EventCountry "GER"]
[WhiteTeam "Greifswalder SV"]
[BlackTeam "SSC Rostock"]
[WhiteTeamCountry "GER"]
[BlackTeamCountry "GER"]

1. d4 Nf6 2. c4 e6 3. g3 d5 4. Bg2 Bb4+ 5. Bd2 Bxd2+ 6. Qxd2 O-O 7. Nc3 c6 8. Nf3 Nbd7 9. O-O Re8 10. Rfd1 Nb6 11. b3 dxc4 12. e4 e5 13. Nxe5 cxb3 14. axb3 Be6 15. Qc2 Qc8 16. Nd3 Bh3 17. Bh1 h5 18. f3 Rd8 19. Qf2 Qc7 20. Rac1 Qe7 21. Nf4 Be6 22. Nxe6 Qxe6 23. Qc2 Rd7 24. Bg2 h4 25. Ne2 hxg3 26. hxg3 a5 27. Nf4 Qe7 28. Qc5 Qxc5 29. dxc5 Rxd1+ 30. Rxd1 Nbd7 31. Nd3 b5 32. cxb6 Rb8 33. Bh3 Rxb6 34. e5 Rxb3 35. exf6 Nxf6 36. Ne5 a4 37. Rd8+ Kh7 38. Nxf7 g6 39. Be6 Rxf3 40. Ng5+ 1-0

[Event "vl-2324 MVP"]
[Site "MVP"]
[Date "2023.11.19"]
[Round "3.7"]
[White "Grehl, Tino"]
[Black "Wurst, Maximilian"]
[Result "1-0"]
[WhiteElo "1994"]
[BlackElo "1723"]
[PlyCount "50"]
[EventDate "2023.??.??"]
[EventType "team-tourn"]
[EventRounds "9"]
[EventCountry "GER"]
[WhiteTeam "Greifswalder SV"]
[BlackTeam "SSC Rostock"]
[WhiteTeamCountry "GER"]
[BlackTeamCountry "GER"]

1. c4 Nf6 2. Nc3 e6 3. d4 Bb4 4. Qc2 b6 5. a3 Bxc3+ 6. Qxc3 Bb7 7. f3 d5 8. Bg5 Nbd7 9. e3 h6 10. Bh4 O-O 11. Nh3 c5 12. dxc5 Nxc5 13. Bxf6 Qxf6 14. Qxf6 gxf6 15. b4 Nd7 16. cxd5 Bxd5 17. Bb5 Ne5 18. O-O Bc4 19. Bxc4 Nxc4 20. Rfe1 Rfd8 21. Nf4 e5 22. Nh5 Rd6 23. Red1 Rad8 24. Nxf6+ Kg7 25. Rxd6 Rxd6 1-0